V kostole sv. Gorazda zaznie věročně koncert Collegium Technicum

Bibliographic Details
Main Author: (ato) (Author)
Corporate Author: Collegium Technicum (spevácky zbor) (Author)
Format: Article
Language:Slovak
PhysicalDescription:1 foto
ISSN:1335-4566
Subjects:

MARC

LEADER 00000nab a2200000 a 4500
001 vtls000933734
003 SK-MaSNL
005 20260303191650.0
008 040720e20040609xo 0 slo
035 |a KE42611 
040 |a KEVKJB  |b slo  |c KEVKJB  |e AACR2 
041 0 |a slo 
044 |a xo  |c SK 
080 |a 783.8  |2 1981 
100 0 |a (ato)  |4 aut  |9 872578 
245 1 0 |a V kostole sv. Gorazda zaznie věročně koncert Collegium Technicum 
300 |b 1 foto 
610 2 7 |a Collegium Technicum (spevácky zbor)  |2 KEVKJB  |9 29671 
650 0 7 |a spevácke zbory  |2 KEVKJB  |9 3197 
650 0 7 |a koncerty  |2 KEVKJB  |9 19182 
651 7 |a Košice (Slovensko)  |2 KEVKJB  |9 18694 
651 7 |a KE,  |2 KEVKJB  |9 877256 
655 7 |a periodikum  |2 snkbucl  |9 29553 
710 2 |a Collegium Technicum (spevácky zbor)  |4 aut  |9 29671 
773 0 8 |t Košický denník Korzár  |g Roč. 7, č.132, 9.6.2004, s. 4  |x 1335-4566 
852 |a ZVYKNI  |b KIS3GCP 
999 |c 2142282  |d 2144212